00318nam a22001337a 4500003000400000008004100004020001800045082001400063100001100077245004800088250001100136260002900147300000800176OSt240502b |||||||| |||| 00| 0 eng d a9788122472288 a628.5 RAE aRAO,CS aEnvironmental Pollution control Engineering a4th Ed aNew DelhibNew Agec2022 a432